| 000 | 00399nam a2200145Ia 4500 | ||
|---|---|---|---|
| 008 | 211109s9999||||xx |||||||||||||| ||und|| | ||
| 082 |
_a413.1 _bBRA-S |
||
| 100 | _aBrackenbury, G | ||
| 245 | 0 | _aStudies in English Idioms | |
| 260 |
_bMacmillan and Co., Limited _aKingston _c1927 |
||
| 300 | _a224p. | ||
| 630 | _xGeneral Stack | ||
| 650 |
_aEnglish language _vidiomsGrammar _xGeneralia |
||
| 942 | _cBOOK | ||
| 999 |
_c4565 _d4565 |
||